[Event "Challenge"]
[Site "http://www.queenalice.com/game.php?id=453395"]
[Date "2008.8.25"]
[Round "-"]
[White "dotromundo"]
[Black "Toicin"]
[Result "1-0"]
[WhiteElo "1835"]
[BlackElo "1922"]

1. d4 Nf6 2. f4 d5 3. h3 e6 4. e3 c5 5. c4 Nbd7 6. Nf3 a6 7. Qa4 Bd6 8. g4 O-O
9. Nc3 Nb6 10. Qc2 Nxc4 11. g5 Nh5 12. Bd3 b5 13. Bxh7+ Kh8 14. g6 Nf6 15. Ng5
Nxh7 16. Nxh7 fxg6 17. Ng5 cxd4 18. Qxg6 1-0

[Event "Caissa"]
[Site "http://www.queenalice.com/game.php?id=454365"]
[Date "2008.8.27"]
[Round "-"]
[White "alfabeto"]
[Black "Toicin"]
[Result "0-1"]
[WhiteElo "2013"]
[BlackElo "2006"]

1. e4 c5 2. Nf3 d6 3. d4 cxd4 4. Qxd4 Nc6 5. Bb5 Bd7 6. Bxc6 Bxc6 7. Nc3 e5 8.
Qd3 Nf6 9. Bg5 h6 10. Bxf6 gxf6 11. Nh4 Qb6 12. Nf5 Qxb2 13. O-O O-O-O 14. Nd5
Bb5 15. c4 Ba4 16. Qe3 Kb8 17. Rab1 Qxa2 18. Nb4 Qxc4 19. Rfc1 Qb5 20. Nc6+ Qxc6
21. Rxc6 Bxc6 22. Ra1 b6 23. Rc1 Bd7 24. g4 h5 25. Qd3 hxg4 26. Ra1 Bxf5 27.
exf5 Rd7 28. Qb5 Rc7 29. Qe8+ Kb7 30. Qd8 a6 31. Rxa6 Rc1+ 32. Kg2 Kxa6 33. Qa8+
Kb5 34. Qd5+ Kb4 35. Qd2+ Rc3 36. Qb2+ Rb3 37. Qd2+ Rc3 38. Qb2+ Rb3 39. Qd2+
Kc4 40. Qc2+ Rc3 41. Qa4+ Kc5 42. Qd7 Rch3 43. Qxf7 Rxh2+ 44. Kg3 R2h3+ 45. Kg2
Rh1 46. Qxf6 R8h2+ 47. Kg3 Rh6 0-1

[Event "Challenge"]
[Site "http://www.queenalice.com/game.php?id=455706"]
[Date "2008.8.30"]
[Round "-"]
[White "Aguinaldo"]
[Black "Toicin"]
[Result "0-1"]
[WhiteElo "1827"]
[BlackElo "1955"]

1. e4 c5 2. Nf3 d6 3. Bb5+ Nc6 4. Bxc6+ bxc6 5. d3 Nf6 6. Bg5 e5 7. Bxf6 Qxf6 8.
Nc3 Bb7 9. Qe2 d5 10. exd5 cxd5 11. Qxe5+ Qxe5+ 12. Nxe5 Bd6 13. Nf3 O-O 14.
O-O-O d4 15. Nb5 Bf4+ 16. Kb1 a6 17. Na3 Rfb8 18. Nc4 a5 19. Nb6 Ra6 20. Nc4 a4
21. Rhg1 a3 22. Nxa3 Bxf3 23. gxf3 Rxa3 24. b3 Rba8 25. Rg4 Bxh2 26. Kc1 Bc7 27.
Kd2 Ba5+ 28. Ke2 Rxa2 29. Rc1 Re8+ 30. Kf1 h5 31. Rg5 g6 32. Rxc5 Bc3 33. Rc4
Kg7 34. b4 h4 35. b5 Rb2 36. Rc5 Rb8 37. Kg2 R8xb5 38. Rxb5 Rxb5 39. Kh3 g5 40.
f4 f6 41. fxg5 fxg5 42. f4 Bd2 43. Rf1 Bxf4 44. Re1 Rb2 45. Re2 Kg6 46. Kg4 Rb1
47. Kf3 Kf5 48. Re4 g4+ 49. Kg2 h3+ 0-1

[Event "Challenge"]
[Site "http://www.queenalice.com/game.php?id=456365"]
[Date "2008.8.31"]
[Round "-"]
[White "Toicin"]
[Black "Xavier"]
[Result "1-0"]
[WhiteElo "1891"]
[BlackElo "1856"]

1. e4 c5 2. Nf3 Nc6 3. d4 cxd4 4. Nxd4 d5 5. Bb5 dxe4 6. Nxc6 Qxd1+ 7. Kxd1 Bd7
8. Nd4 Nf6 9. Bxd7+ Nxd7 10. Bf4 e5 11. Nb5 Rb8 12. Be3 a6 13. Nc7+ Kd8 14. Nd5
Bd6 15. Nbc3 b5 16. Nxe4 Nf6 17. Ndxf6 gxf6 18. Nxd6 Ke7 19. Bc5 Rhd8 20. Ke2
Ke6 21. Rhe1 f5 22. f4 e4 23. g4 fxg4 24. Nxe4 Kd5 25. Kf2 f5 26. Be7 Re8 27.
Nf6+ Kc6 28. Nxe8 Rxe8 29. Re6+ Kd7 30. Rae1 Rc8 31. Rd6+ Kc7 32. Ree6 Kb7 33.
Rd7+ 1-0

[Event "AUTO-ADV-1022"]
[Site "http://www.queenalice.com/game.php?id=456581"]
[Date "2008.9.1"]
[Round "1"]
[White "Xavier"]
[Black "Toicin"]
[Result "0-1"]
[WhiteElo "1840"]
[BlackElo "1921"]

1. c4 e5 2. Nc3 Nf6 3. e4 c6 4. Nf3 d5 5. cxd5 cxd5 6. exd5 Nxd5 7. Nxe5 Bd6 8.
Nxf7 Qe7+ 9. Qe2 Nxc3 10. Nxd6+ Kd7 11. Qxe7+ Kxe7 12. Nxc8+ Rxc8 13. bxc3 Nc6
14. Ba3+ Kf6 15. Bb5 Ne5 16. O-O h5 17. f4 Ng4 18. h3 Nh6 19. Bc4 Rxc4 20. Rab1
b6 21. g3 Ra4 22. Rb3 Nf5 23. Kh2 Re8 24. g4 hxg4 25. hxg4 Re2+ 26. Kg1 Nh4 27.
g5+ Kf5 28. Bf8 Rxa2 29. Rb5+ Kg4 30. g6 Nf3+ 31. Rxf3 Kxf3 32. Rb1 Raxd2 33.
Rf1+ Kg3 0-1

[Event "AUTO-ADV-1022"]
[Site "http://www.queenalice.com/game.php?id=456582"]
[Date "2008.9.1"]
[Round "1"]
[White "Toicin"]
[Black "Xavier"]
[Result "1-0"]
[WhiteElo "1934"]
[BlackElo "1805"]

1. e4 d5 2. exd5 Qxd5 3. Nc3 Qe5+ 4. Be2 Nc6 5. Nf3 Qf5 6. d4 Be6 7. d5 Nb4 8.
Nd4 Qg6 9. dxe6 fxe6 10. O-O O-O-O 11. a3 e5 12. axb4 Rxd4 13. Qe1 Qxc2 14. Be3
Rxb4 15. Rxa7 Nf6 16. Ra8+ Kd7 17. Qd1+ Qxd1 18. Rxd1+ Ke6 19. Nb5 c6 20. Nc7+
Kf7 21. b3 e6 22. Bc4 Nd5 23. Rd8 b5 24. Rd7+ Kf6 25. Bxd5 exd5 26. Ne8+ Ke6 27.
Rc7 Rxb3 28. Nxg7+ Kf6 29. Nh5+ Ke6 30. Rxc6+ Kd7 31. Rdc1 Bd6 32. Nf6+ Ke6 33.
Bc5 Kxf6 34. Bxd6 Kf5 35. h3 e4 36. g4+ Ke6 37. f4 Rg8 38. Be5+ Kd7 39. Rc7+ Ke6
40. R1c6# 1-0

[Event "AUTO-ADV-1022"]
[Site "http://www.queenalice.com/game.php?id=456597"]
[Date "2008.9.1"]
[Round "1"]
[White "Silver_Mosquito"]
[Black "Toicin"]
[Result "0-1"]
[WhiteElo "2108"]
[BlackElo "1966"]

1. d4 Nf6 2. c4 g6 3. Nc3 Bg7 4. e4 d6 5. f3 O-O 6. Be3 c5 7. d5 e6 8. Qd2 Ne8
9. Nge2 Qa5 10. O-O-O Qb4 11. Nf4 Bxc3 12. Qxc3 Qxc3+ 13. bxc3 e5 14. Nd3 f5 15.
Be2 Na6 16. Kd2 Nf6 17. Rb1 fxe4 18. fxe4 Nxe4+ 19. Kc2 Rf7 20. g4 Bd7 21. Kb2
Nc7 22. Bh6 b5 23. Rbf1 Rxf1 24. Rxf1 bxc4 0-1

[Event "AUTO-ADV-1022"]
[Site "http://www.queenalice.com/game.php?id=456598"]
[Date "2008.9.1"]
[Round "1"]
[White "Toicin"]
[Black "Silver_Mosquito"]
[Result "1-0"]
[WhiteElo "2055"]
[BlackElo "2117"]

1. e4 c5 2. Nf3 Nc6 3. d4 cxd4 4. Nxd4 g6 5. Nc3 Bg7 6. Be3 Nf6 7. f3 O-O 8. Qd2
d5 9. exd5 Nxd5 10. Nxc6 bxc6 11. Nxd5 cxd5 12. O-O-O Bb7 13. Bh6 Qc7 14. Bd3
Rfc8 15. Bxg7 Kxg7 16. h4 h6 17. Rhe1 e6 18. h5 g5 19. Qe3 a5 20. Qd4+ Kg8 21.
c3 a4 22. a3 Ba6 23. Bxa6 Rxa6 24. Qf6 Kh7 25. Rxd5 Ra7 26. Rd2 Qc4 27. Rd4 Qa2
28. Rb4 Rd7 29. Kc2 Rcd8 30. Re2 Qa1 31. Rd4 Qf1 32. Rxe6 fxe6 33. Rxd7+ Rxd7
34. Qg6+ Kh8 35. Qe8+ Kg7 36. Qxd7+ Kf6 37. Qd8+ Kf7 38. Qd7+ Kf6 39. Qd4+ Kf7
40. g4 Qe2+ 41. Kb1 Qxf3 42. Qxa4 Qd3+ 43. Ka2 Qd5+ 44. Qb3 Qe4 45. Qb4 Qc6 46.
c4 1-0

[Event "AUTO-ADV-1022"]
[Site "http://www.queenalice.com/game.php?id=456609"]
[Date "2008.9.1"]
[Round "1"]
[White "Toicin"]
[Black "zemaria"]
[Result "1-0"]
[WhiteElo "2074"]
[BlackElo "1790"]

1. e4 e5 2. f4 exf4 3. Nf3 d5 4. exd5 Qxd5 5. Nc3 Qe6+ 6. Be2 a6 7. O-O Qg6 8.
Qe1 Bh3 9. Bd3+ Qe6 10. gxh3 Be7 11. Qxe6 fxe6 12. Be4 Nc6 13. Bxc6+ bxc6 14.
Ne5 g5 15. Nxc6 Bf6 16. Ne4 a5 17. h4 Be7 18. Nxg5 Bxg5 19. hxg5 Ne7 20. Nxe7
Kxe7 21. Rxf4 Rhg8 22. Rg4 Rg6 23. d4 Rgg8 24. Bf4 Rg7 25. Bxc7 h6 26. h4 h5 27.
Re4 Ra7 28. Be5 Rg6 29. Rae1 Rb7 30. Bf6+ Kd6 31. Rxe6+ Kd5 32. R1e5+ Kxd4 33.
Rxa5+ Rxf6 34. Rxf6 Rxb2 35. Rd6+ Ke3 36. g6 Kf3 37. g7 Rxc2 38. g8=Q Rc1+ 39.
Kh2 Rc2+ 40. Kh3 Rc3 41. Qg3+ Ke2 42. Qxc3 Kf2 43. Rd2+ Kf1 44. Qc1# 1-0

[Event "AUTO-ADV-1022"]
[Site "http://www.queenalice.com/game.php?id=456610"]
[Date "2008.9.1"]
[Round "1"]
[White "zemaria"]
[Black "Toicin"]
[Result "0-1"]
[WhiteElo "1792"]
[BlackElo "1945"]

1. e4 c5 2. d4 cxd4 3. Qxd4 Nc6 4. Qd1 Nf6 5. Bd3 d5 6. exd5 Nxd5 7. h3 e5 8.
Be4 Be6 9. Nf3 Bc5 10. Bd2 Qb6 11. O-O Qxb2 12. Bxd5 Bxd5 13. Bc3 Bxf3 14. Bxb2
Bxd1 15. Rxd1 Nd4 16. Rd2 O-O-O 17. Nc3 Nf3+ 18. gxf3 Rxd2 19. Ne4 Rxc2 20. Bxe5
f5 21. Nxc5 Rxc5 22. Bxg7 Rg8 0-1

[Event "Challenge"]
[Site "http://www.queenalice.com/game.php?id=459039"]
[Date "2008.9.6"]
[Round "-"]
[White "Toicin"]
[Black "rogervolei"]
[Result "0-1"]
[WhiteElo "1966"]
[BlackElo "1846"]

1. e4 e6 2. d4 a6 3. Nf3 h6 4. c3 b5 5. Bd3 Bb7 6. O-O g6 7. Ne1 d6 8. f4 Nd7 9.
f5 e5 10. Qf3 g5 11. Bc2 Bg7 12. a4 Ngf6 13. Qe2 bxa4 14. Bxa4 O-O 15. Nf3 Bxe4
16. Nbd2 Bxf5 17. Nxg5 hxg5 18. Rxf5 Nd5 19. Nf3 Nf4 20. Nxg5 Nxe2+ 0-1

[Event "Challenge"]
[Site "http://www.queenalice.com/game.php?id=474437"]
[Date "2008.10.8"]
[Round "-"]
[White "Toicin"]
[Black "Rutty"]
[Result "1-0"]
[WhiteElo "2022"]
[BlackElo "1907"]

1. e4 e5 2. f4 d5 3. exd5 exf4 4. Nf3 Bd6 5. Nc3 Nf6 6. Bb5+ Bd7 7. Qe2+ Qe7 8.
Qxe7+ Bxe7 9. Bc4 O-O 10. O-O Bf5 11. d3 Nbd7 12. Bxf4 Bc5+ 13. Kh1 Bb6 14. d6
cxd6 15. Bxd6 Rfc8 16. Ne5 Nxe5 17. Bxe5 Bg6 18. Bxf6 gxf6 19. Nd5 Kg7 20. Nxb6
axb6 21. Bb3 Rc5 22. d4 Rg5 23. Rae1 Rd8 24. c3 Rd7 25. Re3 Kf8 26. Rxf6 b5 27.
Rb6 Rf5 28. Kg1 Kg7 29. Bd1 Rf6 30. Rxb5 Ra6 31. Bb3 f5 32. g3 Kf6 33. Rbe5 Rdd6
34. Kg2 h6 35. Rf3 h5 36. Bc4 Rab6 37. Rf2 Rbc6 38. Bd3 Re6 39. Rd5 Re1 40. Bxf5
1-0

[Event "Challenge"]
[Site "http://www.queenalice.com/game.php?id=478321"]
[Date "2008.10.17"]
[Round "-"]
[White "Toicin"]
[Black "rogervolei"]
[Result "1-0"]
[WhiteElo "1995"]
[BlackElo "1870"]

1. e4 e6 2. d4 a6 3. f4 b5 4. c4 bxc4 5. Bxc4 Bb7 6. Nc3 Bb4 7. Qc2 Nf6 8. Bd3
Bxc3+ 9. bxc3 Ng4 10. Nf3 d6 11. Rb1 Bc8 12. h3 Nf6 13. e5 Nd5 14. c4 Nb4 15.
Rxb4 c5 16. Rb3 cxd4 17. O-O Nc6 18. Be4 Bd7 19. exd6 O-O 20. Bxh7+ Kh8 21. Bd3
a5 22. Qe2 f6 23. Nxd4 Nxd4 24. Qh5+ 1-0

[Event "Challenge"]
[Site "http://www.queenalice.com/game.php?id=478326"]
[Date "2008.10.17"]
[Round "-"]
[White "rogervolei"]
[Black "Toicin"]
[Result "0-1"]
[WhiteElo "1810"]
[BlackElo "2033"]

1. e3 e5 2. a3 Nf6 3. h3 Nc6 4. Bb5 a6 5. Bxc6 bxc6 6. c4 d5 7. Qc2 Bd7 8. c5
Qe7 9. b4 a5 10. Qa4 Qd8 11. Nf3 axb4 12. Qxb4 e4 13. Ne5 Rb8 14. Qc3 Rb5 15. d4
exd3 16. Nxd3 Ne4 17. Qe5+ Be6 18. f3 Qh4+ 19. Kd1 Nf2+ 20. Nxf2 Qxf2 21. Qxc7
Qxg2 22. Qxc6+ Bd7 23. Qa8+ Ke7 24. Qxd5 Qxh1+ 25. Kc2 Qxh3 26. Nc3 Qf5+ 27.
Qe4+ Qxe4+ 0-1

[Event "Challenge"]
[Site "http://www.queenalice.com/game.php?id=485292"]
[Date "2008.10.30"]
[Round "-"]
[White "Toicin"]
[Black "attachui"]
[Result "1-0"]
[WhiteElo "2040"]
[BlackElo "2011"]

1. e4 c5 2. Nf3 d6 3. d4 cxd4 4. Nxd4 Nf6 5. Nc3 a6 6. Bg5 e5 7. Nf3 Nc6 8. Bc4
Be7 9. O-O h6 10. Bxf6 Bxf6 11. Nd5 b5 12. Be2 O-O 13. a4 Rb8 14. axb5 axb5 15.
h3 Be6 16. Nxf6+ gxf6 17. Qd2 d5 18. exd5 Bxd5 19. Qxh6 Be4 20. Rad1 Qc8 21. Rd6
Qc7 22. Qxf6 Rfe8 23. Bd3 Bxd3 24. Rxc6 Qxc6 25. Qxc6 Bxf1 26. Kxf1 b4 27. Ng5
Kg7 28. Qc7 1-0

[Event "Challenge"]
[Site "http://www.queenalice.com/game.php?id=513604"]
[Date "2008.12.28"]
[Round "-"]
[White "Toicin"]
[Black "alfabeto"]
[Result "0-1"]
[WhiteElo "2077"]
[BlackElo "2039"]

1. e4 Nf6 2. e5 Nd5 3. c4 Nb6 4. c5 Nd5 5. d4 d6 6. cxd6 cxd6 7. f4 Nc6 8. Bc4
Nb6 9. Bb3 dxe5 10. dxe5 Qxd1+ 11. Bxd1 Bf5 12. Nc3 O-O-O 13. Nf3 e6 14. O-O
Bc5+ 15. Kh1 Rd7 16. Na4 Nxa4 17. Bxa4 Rhd8 18. a3 Bd3 19. Rd1 Bb5 0-1

[Event "Challenge"]
[Site "http://www.queenalice.com/game.php?id=513605"]
[Date "2008.12.28"]
[Round "-"]
[White "alfabeto"]
[Black "Toicin"]
[Result "1-0"]
[WhiteElo "2073"]
[BlackElo "2065"]

1. e4 c5 2. Nf3 d6 3. d4 cxd4 4. Qxd4 Nc6 5. Bb5 Bd7 6. Bxc6 Bxc6 7. Nc3 e5 8.
Qd3 Nf6 9. Bg5 Be7 10. O-O-O Qb6 11. Rd2 O-O 12. Nh4 g6 13. Bh6 Rfd8 14. Nf5 Bf8
15. Bg5 gxf5 16. Bxf6 Bh6 17. Kb1 Bxd2 18. Qxd2 f4 19. Qe2 Rdb8 20. Qg4+ Kf8 21.
Qg7+ Ke8 22. Qg8+ Kd7 23. Qxf7+ Kc8 24. Qg8+ Kc7 25. Qxh7+ Kc8 26. Qg8+ Kc7 27.
Qf7+ Kc8 28. Qf8+ Kc7 29. Qe7+ Kc8 30. Qxd6 a5 31. Rd1 Qc7 32. Qf8+ 1-0

[Event "AUTO-ADV-1022"]
[Site "http://www.queenalice.com/game.php?id=545623"]
[Date "2009.2.24"]
[Round "2"]
[White "Toicin"]
[Black "braseiko"]
[Result "1-0"]
[WhiteElo "2079"]
[BlackElo "1963"]

1. e4 c5 2. Nf3 d6 3. d4 cxd4 4. Nxd4 Nf6 5. Nc3 e5 6. Nf3 a6 7. Bc4 Be7 8. Bg5
O-O 9. Qd2 Qc7 10. Bxf6 Bxf6 11. Bb3 Bg4 12. O-O-O Rd8 13. Nd5 Qd7 14. Nb6 1-0

[Event "AUTO-ADV-1022"]
[Site "http://www.queenalice.com/game.php?id=545624"]
[Date "2009.2.24"]
[Round "2"]
[White "braseiko"]
[Black "Toicin"]
[Result "1-0"]
[WhiteElo "1957"]
[BlackElo "2049"]

1. d4 Nf6 2. c4 c6 3. Nc3 d5 4. e3 e6 5. Nf3 Nbd7 6. Bd3 dxc4 7. Bxc4 b5 8. Bd3
a6 9. e4 b4 10. Na4 c5 11. O-O cxd4 12. Nxd4 Bb7 13. Bg5 h6 14. Be3 Nxe4 15. Nb3
Ne5 16. Bxe4 Bxe4 17. Nb6 Rb8 18. Qxd8+ Rxd8 19. Nc5 Bxc5 20. Bxc5 Nd3 21. Be3
Nxb2 22. f3 Bf5 23. Bc5 Nd3 24. Be3 O-O 25. Nc4 Rd5 26. Nd2 Rfd8 27. Nb3 Ne5 28.
Rac1 Rd3 29. Bf4 Ng6 30. Bc7 Rc8 31. Ba5 Rb8 32. Rc4 Ne7 33. Bxb4 Nd5 34. Bc5
Ne3 35. Bxe3 Rxe3 36. Kf2 Bd3 37. Rc3 Bxf1 38. Rxe3 Bc4 39. f4 Bd5 40. g4 Rc8
41. Re2 Rc4 42. Ke3 1-0

[Event "AUTO-ADV-1022"]
[Site "http://www.queenalice.com/game.php?id=545625"]
[Date "2009.2.24"]
[Round "2"]
[White "Toicin"]
[Black "mrcoelho"]
[Result "1-0"]
[WhiteElo "2059"]
[BlackElo "1810"]

1. e4 e5 2. Nf3 Nc6 3. d4 exd4 4. Nxd4 Qf6 5. Nb5 Bd6 6. Nxd6+ cxd6 7. Na3 a6 8.
Nc4 Nd4 9. Be3 Nb5 10. a4 Ne7 11. axb5 O-O 12. Qxd6 Qxd6 13. Nxd6 Ng6 14. h4 h5
15. Be2 f5 16. exf5 Rf6 17. fxg6 Rxd6 18. Bxh5 Rd5 19. Be2 d6 20. Bc4 1-0

[Event "AUTO-ADV-1022"]
[Site "http://www.queenalice.com/game.php?id=545626"]
[Date "2009.2.24"]
[Round "2"]
[White "mrcoelho"]
[Black "Toicin"]
[Result "1-0"]
[WhiteElo "1812"]
[BlackElo "2029"]

1. e4 c5 2. Nf3 d6 3. d4 cxd4 4. Nxd4 Nf6 5. Nc3 a6 6. Bd3 e5 7. Nf5 Bxf5 8.
exf5 Be7 9. Qf3 d5 10. Qg3 O-O 11. Bh6 Nh5 12. Qg4 e4 13. Be2 Qb6 14. O-O Qxh6
15. Qxh5 Qxh5 16. Bxh5 Rd8 17. Rad1 d4 18. Nxe4 Nc6 19. Rd3 g6 20. fxg6 fxg6 21.
Rg3 Kh8 22. Be2 Nb4 23. Ng5 Bxg5 24. Rxg5 Nxc2 25. Rd1 Nb4 26. Bc4 b5 27. Bb3 d3
28. Rd2 Re8 29. Kf1 Rac8 30. g3 Rc1+ 31. Kg2 Re2 32. Rd1 d2 33. a3 Nd3 34. Kf3
Rxf2+ 35. Ke3 Nxb2 36. Kxf2 Nxd1+ 37. Ke2 Nb2 38. Kxd2 Rh1 39. h4 Ra1 40. Kc3
Nd1+ 41. Bxd1 Rxd1 42. Kb4 Ra1 43. Rd5 Rg1 44. Rd3 Kg7 45. Ka5 Kf6 46. Kxa6 1-0